000
00328nam a22001457a 4500
003
SGT
020
_a
0706918851
082
_a
350.954
_b
S82K
100
_a
KUMAR, RAVINDER
245
_a
SELECTED WORKS OF MOTILAL NEHRU
260
_b
VIKAS PUBLISHING HOUSE
_c
1982
300
_a
406
650
_a
SOCIAL SCIENCE
942
_2
ddc
_c
BK
999
_c
27739
_d
27739